Update (Record no. 79303)

MARC details
000 -LEADER
fixed length control field 01610cab a22003135a 4500
001 - CONTROL NUMBER
control field L140555
008 - FIXED-LENGTH DATA ELEMENTS--GENERAL INFORMATION
fixed length control field 070927e20070921xxk f s 000 0 eng d
035 ## - SYSTEM CONTROL NUMBER
System control number (Sirsi) u140555
041 0# - LANGUAGE CODE
Language code of text/sound track or separate title eng
100 1# - MAIN ENTRY--PERSONAL NAME
Personal name Jones, Gregory
245 00 - TITLE STATEMENT
Title Update
Remainder of title planning and environment
260 ## - PUBLICATION, DISTRIBUTION, ETC.
Date of publication, distribution, etc. 2007
490 ## - SERIES STATEMENT
Series statement Solicitors' Journal
Volume/sequential designation 151(35) 21 September 2007, 1194-1198(3)
520 ## - SUMMARY, ETC.
Summary, etc. Reviews developments in planning law aimed at dealing with noise. Reviews PPG24, which aims to keep noise sensitive developments away from significant noise sources or expected developments such as roads. Housing, hospitals and schools are regarded as noise sensitive. Covers other circulars and policy statements including PPS23. Reports on landmark cases which have tested the strength of such policies. Warns that planning authorities should be able to demonstrate reasonable grounds for failing to follow guidance notes in the event of action being taken against them. Also covers the relationship between planning and licensing law. Case law.
590 ## - LOCAL NOTE (RLIN)
Local note KA
650 24 - SUBJECT ADDED ENTRY--TOPICAL TERM
Topical term or geographic name entry element PPG24
650 24 - SUBJECT ADDED ENTRY--TOPICAL TERM
Topical term or geographic name entry element PLANNING POLICY STATEMENT 23
650 24 - SUBJECT ADDED ENTRY--TOPICAL TERM
Topical term or geographic name entry element TOWN AND COUNTRY PLANNING ACT 199O
650 24 - SUBJECT ADDED ENTRY--TOPICAL TERM
Topical term or geographic name entry element DOE CIRCULAR 01/1985
650 24 - SUBJECT ADDED ENTRY--TOPICAL TERM
Topical term or geographic name entry element COX SKIPS V FIRST SOS
650 24 - SUBJECT ADDED ENTRY--TOPICAL TERM
Topical term or geographic name entry element NEWPORT BC V SOS WALES
650 24 - SUBJECT ADDED ENTRY--TOPICAL TERM
Topical term or geographic name entry element AYLESBURY VALE DC V FLORENT
650 24 - SUBJECT ADDED ENTRY--TOPICAL TERM
Topical term or geographic name entry element GATESHEAD MBC V SOS ENVIRONMENT
650 24 - SUBJECT ADDED ENTRY--TOPICAL TERM
Topical term or geographic name entry element LETHEM V SOS TRANSPORT LOCAL GOVERNMENT AND REGIONS
650 24 - SUBJECT ADDED ENTRY--TOPICAL TERM
Topical term or geographic name entry element R V KENNET DC EX P SOMERFIELD PROPERTY COMPANY LTD AND ANOTHER
651 #4 - SUBJECT ADDED ENTRY--GEOGRAPHIC NAME
Geographic name United Kingdom
Chronological subdivision
690 ## - LOCAL SUBJECT ADDED ENTRY--TOPICAL TERM (OCLC, RLIN)
Topical term or geographic name as entry element Planning and development
9 (RLIN) 6259
942 ## - ADDED ENTRY ELEMENTS (KOHA)
Suppress in OPAC 0
Holdings
Withdrawn status Lost status Source of classification or shelving scheme Damaged status Not for loan Home library Current library Shelving location Date acquired Total Checkouts Full call number Barcode Date last seen Copy number Price effective from Koha item type
    Dewey Decimal Classification     London London Journal article 27/09/2007   L140555 140555-1001 06/08/2019 1 06/08/2019 Journal article